000 02401cam a2200385 i 4500
001 BK0023993209
003 DLC
005 20190905140210.0
008 190215s2019 nyu 000 1 eng
010 _a2019005677
020 _a9781982117795 : PAP
_c16.99
020 _a1982117796 : PAP
_c16.99
037 _bSimon & Schuster, Order Dept 100 Front st, Riverside, NJ, USA, 08075
_nSAN 200-2442
040 _aDLC
_beng
_erda
_cDLC
_dGCmBT
_dNjBwBT
050 0 0 _aPS3615.R4645
_bL68 2019
082 0 0 _a813/.6
_223
092 _a813.6000
100 1 _aOrenstein, Hannah,
_eauthor.
_95799040
245 1 0 _aLove at first like /
_cHannah Orenstein.
250 _aFirst Atria Paperback edition.
264 1 _aNew York :
_bAtria Paperback,
_c2019.
300 _a320 pages ;
_c22 cm
336 _atext
337 _aunmediated
338 _avolume
500 _a"Book club favorites reader's guide"--Cover.
520 _aEliza Roth and her sister Sophie co-own a jewelry shop in Brooklyn. One night, after learning of an ex's engagement, Eliza accidentally posts a photo of herself wearing a diamond ring on that finger to her Instagram account beloved by 100,000 followers. Sales skyrocket, press rolls in, and Eliza learns that her personal life is good for business. So she has a choice: continue the ruse or clear up the misunderstanding. With mounting financial pressure, Eliza sets off to find a fake fianc�e. Fellow entrepreneur Blake seems like the perfect match on paper. And in real life he shows promise, too. He would be perfect, if only Eliza didn't feel also drawn to someone else. But Blake doesn't know Eliza is "engaged"; Sophie asks Eliza for an impossible sum of money; and Eliza's lies start to spiral out of control. She can either stay engaged online or fall in love in real life. Written with singular charm and style, Love at First Like is for anyone growing up and settling down in the digital age.
650 0 _aSisters
_vFiction.
_95674091
650 0 _aBusinesspeople
_vFiction.
_95711559
650 0 _aSecrecy
_vFiction.
_95674238
651 0 _aBrooklyn (New York, N.Y.)
_vFiction.
_95684889
655 7 _aLove stories.
_2gsafd
_9102729
776 0 8 _iOnline version:
776 0 8 _aOrenstein, Hannah.
_tLove at first like
_bFirst Atria Paperback edition.
_dNew York : Atria Paperback, 2019
_z9781982121464
_w(DLC) 2019008102
999 _c248464
_d248464